Saving The Whale

Bibliographic Details
Format: Book
Published: London : Franklin Watts , 1987
Subjects:

MARC

LEADER 00000cam a2200000 7i4500
001 0000006842
002 000007371
005 20051005.0
020 |a 0863136168 
090 0 0 |a 333.95   |b SUR 
245 1 0 |a Saving The Whale 
260 |a London :   |b Franklin Watts ,   |c 1987 
300 |a 32 p. :   |b ill. ;   |c 32 cm. 
650 0 0 |a Whales   |x Juvenile literature 
999 |a 016198   |b BUKU   |c JUNIOR BOOKS   |e PERPUSTAKAAN KOMUNITI CAW KOTA DAMANSARA